Can you name the races of Arda? Quiz Stats

 Plays Quiz not verified by Sporcle

Challenge
Share
Tweet
Embed
Score 0/40 Timer 06:00
0 Plays Today
Hint % Correct
FirstbornElves
98.2%
SecondbornMen
98.2%
Tormented elvesOrcs
98.2%
Possibly some form of Ainur; monstrous eight-legged creaturesGiant Spiders
98.2%
Created by AuleDwarves
96.5%
Fallen Maiar; terrible creatures of fire and shadowBalrogs
94.7%
Possibly a type of men; have big hairy feetHobbits
94.7%
Created by Yavanna; shepherds of the treesEnts
94.7%
Not exactly a race, but more of a type of ghostNazgul
93%
Subspecies of orc;stronger and more resistant to lightUruk-hai
93%
One of the five Maiar that were sent to Middle Earth to help the free peoples fight SauronIstari
93%
Greater AinurValar
86%
Lords of the birds; also migth be a form of AinurGiant eagles
86%
Lesser AinurMaiar
84.2%
Said to be an imitation of the Ents; most of them turn to stone when sunlight hits themTrolls
84.2%
Distorted hobbit; an example of what happens when you wear The One Ring for 500 years (not really a race)Gollum (Smeagol)
82.5%
Giant serpent-like abomination created by MorgothDragons
80.7%
Evil wolvesWargs
78.9%
Giant elephant-like creatures from the jungles of HaradMumakil
73.7%
'Oldest and fatherless' and 'daughter of the River'; race unknownTom Bombadil & Goldberry
70.2%
Hint % Correct
Created by Morgoth; one of them killed by Huan the HoundWerewolves
66.7%
Could be an imitation of the Giant eagles; gigantic, ugly looking bird-reptile mutantsFell beasts
64.9%
Creatures that linger in the living world after they die (not exactly a race)Ghosts
64.9%
Also created by Morgoth; most commonly found in the form of a batVampires
63.2%
Attacked the Fellowship infront of the doors of MoriaMaybe the 'Nameless thing' found the way out of the depths of Misty Mountains
59.6%
The One and only; creator of everythingEru Iluvatar
59.6%
Mentioned in The Hobbit while the company was crossing the Misty Mountains; it could might be an exaggaration of the thunderStone Giants
56.1%
Form of a ghost; found at the Barrow-downsBarrow-wights
54.4%
Animated treesHuorns
52.6%
Angelic beings; first to be created by IluvatarAinur
50.9%
Birds that serve as spies for the Dark LordCrebain
38.6%
Talking black bird; helped Thorin and the Company (not the thrush)Raven
38.6%
Very intelligent and powerful hound; not a race, but a single dog that could possibly be Maia Huan the Hound
36.8%
Breed of horses that only kings and princes of Rohan could ride (with exception of Tharkun)Mearas
35.1%
Mixture of men and orcsHalf-orcs
26.3%
Mentioned by Gandalf while he was fighting a Balrog in the depths of Khazad-dumNameless creatures
19.3%
Beasts that were used to pull the battering ram Grond during the Siege of Minas TirithBeasts of Burden
15.8%
They could change form between Men and bears; unknown origin; probably just Men with special magic abilitiesShape-shifters
15.8%
Crossbreed between Men and Trolls from Harad; could be an exaggaration of really large men that fought for the Haradrim armyHalf-trolls
14%
Possibly occupying the deserts of HaradWereworms
12.3%

You're not logged in!

Compare scores with friends on all Sporcle quizzes.
OR
Log In

You Might Also Like...

Show Comments

Extras

Created Apr 24, 2011ReportNominate
Tags:arda, example, race

Top Quizzes Today


Score Distribution

Your Account Isn't Verified!

In order to create a playlist on Sporcle, you need to verify the email address you used during registration. Go to your Sporcle Settings to finish the process.

Report this User

Report this user for behavior that violates our Community Guidelines.

Details: